000
00191 a2200097 4500
020
_a
9789992459157
041
_a
spa
100
_a
Jorge Bautista Lara
245
_a
La cara oculta
942
_c
BK
999
_c
14540
_d
14540